Statistics for Countries with Missing Consonants #5

Click here to take the quiz!

General Stats

  • This quiz has been taken 121 times
  • The average score is 14 of 21

Answer Stats

Clue Country % Correct
_ A _ IMali
89%
_ A U _ UNauru
88%
_ A _ O ASamoa
87%
E _ _ O _ I AEstonia
85%
A _ _ A _ I AAlbania
84%
_ E _ E _ U E _ AVenezuela
84%
_ A U _ I _ I U _Mauritius
76%
_ U _ ACuba
76%
A _ _ E _ _ I _ AArgentina
73%
_ _ I _ O U _ IDjibouti
67%
_ I _ I _ A _ IKiribati
67%
_ E _ I _Benin
65%
_ U _ U _ _ IBurundi
63%
_ I E _ _ _ E _ _ _ E I _Liechtenstein
62%
_ _ A _ AGhana
62%
_ I _ A _ A _ U ANicaragua
58%
_ O _ O _ _ I AColombia
52%
_ U _ _ A _ I ABulgaria
34%
_ A _ A I _ AJamaica
33%
_ O _ _ O _ AMoldova
31%
_ U _ _ E _Turkey
25%

Score Distribution

Percentile by Number Answered

Percent of People with Each Score

Your Score History

You have not taken this quiz